Engineering : (Record no. 544763)
[ view plain ]
| 000 -LEADER | |
|---|---|
| fixed length control field | 01010pam a2200229 i 4500 |
| 020 ## - INTERNATIONAL STANDARD BOOK NUMBER | |
| International Standard Book Number | 0023071907 |
| 082 00 - DEWEY DECIMAL CLASSIFICATION NUMBER | |
| Classification number | 620.0023 |
| Author Mark | BEA |
| -- | L-5, P-63 |
| 100 1# - MAIN ENTRY--PERSONAL NAME | |
| Personal name | Beakley, George C. |
| 9 (RLIN) | 40489 |
| 245 10 - TITLE STATEMENT | |
| Title | Engineering : |
| Remainder of title | an introduction to a creative profession / |
| Statement of responsibility, etc. | George C. Beakley, H. W. Leach, with contributions by J. Karl Hedrick. |
| 250 ## - EDITION STATEMENT | |
| Edition statement | 3d ed. |
| 260 ## - PUBLICATION, DISTRIBUTION, ETC. | |
| Place of publication, distribution, etc. | New York : |
| Name of publisher, distributor, etc. | Macmillan, |
| Date of publication, distribution, etc. | c1977. |
| 300 ## - PHYSICAL DESCRIPTION | |
| Extent | xii, 548 p. : |
| Other physical details | ill. ; |
| Dimensions | 26 cm. |
| 500 ## - GENERAL NOTE | |
| General note | Edition for 1951, by H. W. Leach and G. C. Beakley, published under title: Elementary problems in engineering; edition for 1960, by H. W. Leach and G. C. Beakley, published under title: Engineering, the profession and elementary problem analysis. |
| 526 ## - STUDY PROGRAM INFORMATION NOTE | |
| Program name | 0 |
| Interest level | 0 |
| Reading level | 0 |
| Title point value | 620_002300000000000_BEA |
| 650 #0 - SUBJECT ADDED ENTRY--TOPICAL TERM | |
| Topical term or geographic name entry element | Engineering design. |
| 9 (RLIN) | 19438 |
| 650 #0 - SUBJECT ADDED ENTRY--TOPICAL TERM | |
| Topical term or geographic name entry element | Engineering mathematics. |
| 9 (RLIN) | 2310 |
| 650 #0 - SUBJECT ADDED ENTRY--TOPICAL TERM | |
| Topical term or geographic name entry element | Engineering |
| General subdivision | Vocational guidance. |
| 9 (RLIN) | 40490 |
| 650 #0 - SUBJECT ADDED ENTRY--TOPICAL TERM | |
| Topical term or geographic name entry element | MCE |
| 9 (RLIN) | 379 |
| 700 1# - ADDED ENTRY--PERSONAL NAME | |
| Personal name | Leach, H. W. |
| 9 (RLIN) | 40491 |
| 700 1# - ADDED ENTRY--PERSONAL NAME | |
| Personal name | Leach, H. W., |
| 9 (RLIN) | 40492 |
| 942 ## - ADDED ENTRY ELEMENTS (KOHA) | |
| Source of classification or shelving scheme | |
| Koha item type | Book |
| Withdrawn status | Lost status | Source of classification or shelving scheme | Damaged status | Not for loan | Permanent Location | Current Location | Date acquired | Total Checkouts | Full call number | Barcode | Date last seen | Date last checked out | Price effective from | Koha item type |
|---|---|---|---|---|---|---|---|---|---|---|---|---|---|---|
| Military College of Engineering (MCE) | Military College of Engineering (MCE) | 05/12/2014 | 1 | 620.0023 BEA | MCE-9571 | 05/13/2014 | 05/13/2014 | 05/12/2014 | Book |
